<?xml version="1.0" encoding="UTF-8"?><?xml-stylesheet type="text/xsl" href="static/style.xsl"?><OAI-PMH xmlns="http://www.openarchives.org/OAI/2.0/" xmlns:xsi="http://www.w3.org/2001/XMLSchema-instance" xsi:schemaLocation="http://www.openarchives.org/OAI/2.0/ http://www.openarchives.org/OAI/2.0/OAI-PMH.xsd"><responseDate>2026-04-17T04:33:05Z</responseDate><request verb="GetRecord" identifier="oai:www.recercat.cat:10230/69320" metadataPrefix="marc">https://recercat.cat/oai/request</request><GetRecord><record><header><identifier>oai:recercat.cat:10230/69320</identifier><datestamp>2025-12-18T01:15:34Z</datestamp><setSpec>com_2072_6</setSpec><setSpec>col_2072_452952</setSpec></header><metadata><record xmlns="http://www.loc.gov/MARC21/slim" xmlns:dcterms="http://purl.org/dc/terms/" xmlns:xsi="http://www.w3.org/2001/XMLSchema-instance" xmlns:doc="http://www.lyncode.com/xoai" xsi:schemaLocation="http://www.loc.gov/MARC21/slim http://www.loc.gov/standards/marcxml/schema/MARC21slim.xsd">
   <leader>00925njm 22002777a 4500</leader>
   <datafield ind2=" " ind1=" " tag="042">
      <subfield code="a">dc</subfield>
   </datafield>
   <datafield ind2=" " ind1=" " tag="720">
      <subfield code="a">Fernández Rius, Núria</subfield>
      <subfield code="e">author</subfield>
   </datafield>
   <datafield ind2=" " ind1=" " tag="720">
      <subfield code="a">Peist, Nuria</subfield>
      <subfield code="e">author</subfield>
   </datafield>
   <datafield ind2=" " ind1=" " tag="260">
      <subfield code="c">2025-01-28T08:02:24Z</subfield>
   </datafield>
   <datafield ind2=" " ind1=" " tag="260">
      <subfield code="c">2025-01-28T08:02:24Z</subfield>
   </datafield>
   <datafield ind2=" " ind1=" " tag="260">
      <subfield code="c">2013</subfield>
   </datafield>
   <datafield ind2=" " ind1=" " tag="520">
      <subfield code="a">El análisis de los agentes que participaron en la invención, promoción y difusión de la fotografía en el siglo XIX - fotógrafos, políticos, científicos, intelectuales y artistas-  permite reconstruir el espacio de lo fotográfico. Estos agentes, sus prácticas, espacios, instituciones y relaciones constituyeron un sistema mediador que participó de manera activa en la construcción del valor de la fotografía como producto cultural de la modernidad. No obstante, lo más relevante es que se presenta a la investigación científica como un objeto de estudio privilegiado para comprender la capacidad que tuvo la práctica fotográfica para adaptarse a las necesidades de la sociedad moderna. La constante tensión y diálogo entre la apreciación estética, científico, técnica y comercial, sitúa a la fotografía en un espacio inédito entre la valoración formal -cercano a las instituciones y a las normas del mundo de la alta cultura- y la lógica utilitaria -cercana a los patrones de progreso y acceso democrático a la cultura-. De esta manera, es posible plantear una teoría de la mediación para los productos culturales de la modernidad: los intermediarios influyen en la construcción del valor a la vez que revelan el estado del objeto cultural y las necesidades de la sociedad que lo consume.</subfield>
   </datafield>
   <datafield tag="653" ind2=" " ind1=" ">
      <subfield code="a">Fotografía</subfield>
   </datafield>
   <datafield tag="653" ind2=" " ind1=" ">
      <subfield code="a">Arte moderno</subfield>
   </datafield>
   <datafield tag="653" ind2=" " ind1=" ">
      <subfield code="a">Louis-Jacques-Mandé Daguerre</subfield>
   </datafield>
   <datafield tag="653" ind2=" " ind1=" ">
      <subfield code="a">François Arago</subfield>
   </datafield>
   <datafield tag="653" ind2=" " ind1=" ">
      <subfield code="a">Sociología del arte</subfield>
   </datafield>
   <datafield tag="653" ind2=" " ind1=" ">
      <subfield code="a">Asociaciones fotográficas</subfield>
   </datafield>
   <datafield tag="653" ind2=" " ind1=" ">
      <subfield code="a">París</subfield>
   </datafield>
   <datafield ind2="0" ind1="0" tag="245">
      <subfield code="a">Lo fotográfico y el sistema mediador: valores artísticos, técnicos y comerciales en los inicios de la fotografía</subfield>
   </datafield>
</record></metadata></record></GetRecord></OAI-PMH>